| 000 | 00486nam a2200169 i 4500 | ||
|---|---|---|---|
| 001 | 45606 | ||
| 003 | ES-MaACL | ||
| 005 | 20230906161239.0 | ||
| 007 | t| | ||
| 008 | 030326s1958 sp ||||1| spa d | ||
| 100 | 1 |
_aColmeiro Laforet, Carlos _939772 |
|
| 245 | 1 | 3 |
_aLa cibernética y la vida / _cCarlos Colmeiro-Laforet. |
| 260 |
_aVigo : _b[s.n., _c1958] ( _fTip. Faro de Vigo) |
||
| 300 |
_a303 p. ; _c23 cm. |
||
| 852 |
_aES-MaACL _jC-14587 _bR.42559 |
||
| 999 |
_c45606 _d45606 |
||